000 00858nam a2200265 a 4500
001 000010600
003 OSt
005 20240412074219.0
008 091008s1993 dr r 000 p spa d
040 _aDO-SdBNP
_bspa
_cBNPHU
082 _aRD861.44
_bP349m
100 1 _aPeña, Enegildo,
_d1965-
_925677
245 1 0 _aMás allá de mi sombra /
_cEnegildo Peña.
260 _aSantiago, República Dominicana :
_bEdiciones imposibles,
_c1993.
300 _a62 p. ;
_c21 cm.
490 1 _aEdiciones imposibles
_v3
590 _aPerteneció a la biblioteca personal de Juan Isidro Jimenes Grullón.
590 _aInventariado, 2018 /DG
650 0 _aPoesía dominicana
_966
650 0 _aLiteratura dominicana.
_967
830 0 _aEdiciones Imposibles
_n3
_925678
910 _aValidado. Control de calidad. MMOLINA
942 _2ddc
_cLF1
956 _aVMateo
999 _c10358
_d10358